[Event "Stay Safe Play From Home 381"]
[Site "Emanuel Lasker Arena"]
[Date "2020.08.13"]
[Round "8"]
[White "Greblah"]
[Black "Mepe_Nika"]
[Result "0-1"]
[WhiteElo "1890"]
[BlackElo "2359"]
[PlyCount "70"]
[EventDate "2020.08.13"]
[EventType "swiss (blitz)"]

1. e4 {[%emt 0:00:01]} c6 {[%emt 0:00:01]} 2. d4 {[%emt 0:00:01]} d5 {[%emt 0:00:00]} 3. exd5 {[%emt 0:00:00]} cxd5 {[%emt 0:00:01]} 4. Bd3 {[%emt 0:00:00]} Nc6 {[%emt 0:00:01]} 5. c3 {[%emt 0:00:00]} Nf6 {[%emt 0:00:01]} 6. Ne2 {[%emt 0:00:01]} Bg4 {[%emt 0:00:03]} 7. O-O {[%emt 0:00:01]} e6 {[%emt 0:00:03]} 8. Qe1 {[%emt 0:00:01]} Bxe2 {[%emt 0:00:02]} 9. Qxe2 {[%emt 0:00:01]} Be7 {[%emt 0:00:01]} 10. f4 {[%emt 0:00:01]} O-O {[%emt 0:00:01]} 11. Nd2 {[%emt 0:00:01]} a6 {[%emt 0:00:02]} 12. Nf3 {[%emt 0:00:01]} b5 {[%emt 0:00:01]} 13. Ne5 {[%emt 0:00:01]} Qb6 {[%emt 0:00:04]} 14. Be3 {[%emt 0:00:05]} a5 {[%emt 0:00:02]} 15. Rf3 {[%emt 0:00:03]} b4 {[%emt 0:00:01]} 16. Rh3 {[%emt 0:00:03]} Ne4 {[%emt 0:00:02]} 17. Bxe4 {[%emt 0:00:28]} dxe4 {[%emt 0:00:00]} 18. Nd7 {[%emt 0:00:01]} Qb7 {[%emt 0:00:07]} 19. Nxf8 {[%emt 0:00:01]} Bxf8 {[%emt 0:00:02]} 20. Qh5 {[%emt 0:00:02]} h6 {[%emt 0:00:02]} 21. f5 {[%emt 0:00:03]} exf5 {[%emt 0:00:02]} 22. Qxf5 {[%emt 0:00:02]} Ne7 {[%emt 0:00:00]} 23. Qh5 {[%emt 0:00:07]} Nd5 {[%emt 0:00:02]} 24. Rf1 {[%emt 0:00:03]} Ra6 {[%emt 0:00:06]} 25. Rg3 {[%emt 0:00:05]} g6 {[%emt 0:00:17]} 26. Bxh6 {[%emt 0:00:07]} bxc3 {[%emt 0:00:06]} 27. bxc3 {[%emt 0:00:02]} Rf6 {[%emt 0:00:21]} 28. Rxf6 {[%emt 0:00:16]} Nxf6 {[%emt 0:00:00]} 29. Rxg6+ {[%emt 0:00:02]} fxg6 {[%emt 0:00:08]} 30. Qxg6+ {[%emt 0:00:01]} Bg7 {[%emt 0:00:01]} 31. d5 {[%emt 0:00:13]} Qb1+ {[%emt 0:00:08]} 32. Kf2 {[%emt 0:00:01]} e3+ {[%emt 0:00:01]} 33. Kxe3 {[%emt 0:00:07]} Qxg6 {[%emt 0:00:00]} 34. Bxg7 {[%emt 0:00:01]} Qe4+ {[%emt 0:00:02]} 35. Kd2 {[%emt 0:00:01]} Qxd5+ {[%emt 0:00:01] Greblah gibt auf Greblah gibt auf Greblah gibt auf (Lag: Av=0.35s, max=0.5s) (Lag: Av=0.35s, max=0.5s) (Lag: Av=0.35s, max=0.5s)} 0-1

[Event "Stay Safe Play From Home 381"]
[Site "Emanuel Lasker Arena"]
[Date "2020.08.13"]
[Round "8"]
[White "Buzaglo"]
[Black "Kongle"]
[Result "1-0"]
[WhiteElo "1762"]
[BlackElo "1726"]
[Annotator "NA"]
[PlyCount "137"]
[EventDate "2020.08.13"]
[EventType "swiss (blitz)"]

1. d4 {[%emt 0:00:01]} Nf6 {[%emt 0:00:05]} 2. Nf3 {[%emt 0:00:01]} e6 {[%emt 0:00:01]} 3. g3 {[%emt 0:00:01]} d5 {[%emt 0:00:01]} 4. Bg2 {[%emt 0:00:01]} Nbd7 {[%emt 0:00:01]} 5. O-O {[%emt 0:00:01]} c5 {[%emt 0:00:01]} 6. Nbd2 {[%emt 0:00:00]} cxd4 {[%emt 0:00:02]} 7. Nxd4 {[%emt 0:00:00]} Bc5 {[%emt 0:00:01]} 8. c3 {[%emt 0:00:01]} O-O {[%emt 0:00:02]} 9. N2f3 {[%emt 0:00:02]} h6 {[%emt 0:00:01]} 10. b4 {[%emt 0:00:02]} Bb6 {[%emt 0:00:02]} 11. a4 {[%emt 0:00:01]} e5 {[%emt 0:00:03]} 12. Nb3 {[%emt 0:00:03]} a6 {[%emt 0:00:02]} 13. Ba3 {[%emt 0:00:04]} Re8 {[%emt 0:00:02]} 14. Rc1 {[%emt 0:00:03]} e4 {[%emt 0:00:02]} 15. Nfd4 {[%emt 0:00:02]} Ne5 {[%emt 0:00:01]} 16. Nc5 {[%emt 0:00:08]} Nc4 {[%emt 0:00:03]} 17. Ra1 {[%emt 0:00:07]} Bxc5 {[%emt 0:00:04]} 18. bxc5 {[%emt 0:00:02]} Nxa3 {[%emt 0:00:01]} 19. Rxa3 {[%emt 0:00:00]} Qe7 {[%emt 0:00:01]} 20. Nb3 {[%emt 0:00:04]} Bd7 {[%emt 0:00:04]} 21. a5 {[%emt 0:00:04]} Bb5 {[%emt 0:00:03]} 22. Re1 {[%emt 0:00:06]} Ng4 {[%emt 0:00:05]} 23. h3 {[%emt 0:00:05]} Ne5 {[%emt 0:00:02]} 24. Qxd5 {[%emt 0:00:04]} Bc6 {[%emt 0:00:13]} 25. Qd1 {[%emt 0:00:14]} Rad8 {[%emt 0:00:03]} 26. Qc1 {[%emt 0:00:02]} f5 {[%emt 0:00:05]} 27. Nd4 {[%emt 0:00:01]} Qxc5 {[%emt 0:00:03]} 28. Nxc6 {[%emt 0:00:02]} Qxc6 {[%emt 0:00:05]} 29. Rb3 {[%emt 0:00:06]} Qd5 {[%emt 0:00:06]} 30. Qb2 {[%emt 0:00:05]} Rd7 {[%emt 0:00:02]} 31. Rb6 {[%emt 0:00:03]} Ree7 {[%emt 0:00:04]} 32. Qb4 {[%emt 0:00:07]} Nc4 {[%emt 0:00:05]} 33. Rg6 {[%emt 0:00:03]} Kh7 {[%emt 0:00:01]} 34. Rb6 {[%emt 0:00:08]} Nxb6 {[%emt 0:00:02]} 35. Qxb6 {[%emt 0:00:01]} Rd6 {[%emt 0:00:01]} 36. Qb4 {[%emt 0:00:02]} Rc7 {[%emt 0:00:04]} 37. g4 {[%emt 0:00:02]} fxg4 {[%emt 0:00:04]} 38. Bxe4+ {[%emt 0:00:01]} Qxe4 {[%emt 0:00:03]} 39. Qxe4+ {[%emt 0:00:00]} g6 {[%emt 0:00:01]} 40. hxg4 {[%emt 0:00:01]} Rdd7 {[%emt 0:00:08]} 41. Rc1 {[%emt 0:00:02]} Re7 {[%emt 0:00:01]} 42. Qf3 {[%emt 0:00:02]} Rf7 {[%emt 0:00:02]} 43. Qg3 {[%emt 0:00:01]} Rc4 {[%emt 0:00:02]} 44. f3 {[%emt 0:00:02]} Re7 {[%emt 0:00:02]} 45. e4 {[%emt 0:00:02]} Rec7 {[%emt 0:00:03]} 46. Qe1 {[%emt 0:00:03]} Rd7 {[%emt 0:00:03]} 47. Qe3 {[%emt 0:00:02]} Ra4 {[%emt 0:00:02]} 48. Qb6 {[%emt 0:00:02]} Ra2 {[%emt 0:00:04]} 49. Qe6 {[%emt 0:00:10]} Rad2 {[%emt 0:00:05]} 50. Rf1 {[%emt 0:00:07]} Kg7 {[%emt 0:00:01]} 51. Rf2 {[%emt 0:00:01]} Rd1+ {[%emt 0:00:03]} 52. Kg2 {[%emt 0:00:01]} R1d6 {[%emt 0:00:00]} 53. Qe5+ {[%emt 0:00:01]} Kh7 {[%emt 0:00:00]} 54. c4 {[%emt 0:00:00]} Rc6 {[%emt 0:00:01]} 55. c5 {[%emt 0:00:01]} Rdc7 {[%emt 0:00:02]} 56. Rc2 {[%emt 0:00:01]} Kg8 {[%emt 0:00:02]} 57. f4 {[%emt 0:00:01]} Kh7 {[%emt 0:00:01]} 58. f5 {[%emt 0:00:01]} gxf5 {[%emt 0:00:01]} 59. Qxf5+ {[%emt 0:00:00]} Rg6 {[%emt 0:00:02]} 60. Rd2 {[%emt 0:00:02]} Rcg7 {[%emt 0:00:03]} 61. Rd6 {[%emt 0:00:01]} h5 {[%emt 0:00:06]} 62. Rxg6 {[%emt 0:00:02]} Rxg6 {[%emt 0:00:03]} 63. Kg3 {[%emt 0:00:01]} hxg4 {[%emt 0:00:02]} 64. e5 {[%emt 0:00:00]} Kg7 {[%emt 0:00:01]} 65. e6 {[%emt 0:00:02]} Kh6 {[%emt 0:00:02]} 66. e7 {[%emt 0:00:01]} Rg8 {[%emt 0:00:01]} 67. Qf6+ {[%emt 0:00:01]} Kh7 {[%emt 0:00:01]} 68. Qf7+ {[%emt 0:00:01]} Kh8 {[%emt 0:00:01]} 69. Qxg8+ {[%emt 0:00:01] Time Time Time (Lag: Av=0.72s, max=1.4s) (Lag: Av=0.72s, max=1.4s) (Lag: Av=0.72s, max=1.4s)} 1-0

[Event "Stay Safe Play From Home 381"]
[Site "Emanuel Lasker Arena"]
[Date "2020.08.13"]
[Round "9"]
[White "Mepe_Nika"]
[Black "Buzaglo"]
[Result "1-0"]
[WhiteElo "2362"]
[BlackElo "1777"]
[PlyCount "135"]
[EventDate "2020.08.13"]
[EventType "swiss (blitz)"]

1. Nf3 {[%emt 0:00:05]} e6 {[%emt 0:00:01]} 2. d4 {[%emt 0:00:01]} d5 {[%emt 0:00:00]} 3. Bf4 {[%emt 0:00:01]} Nf6 {[%emt 0:00:00]} 4. e3 {[%emt 0:00:01]} Bd6 {[%emt 0:00:01]} 5. Bxd6 {[%emt 0:00:03]} Qxd6 {[%emt 0:00:00]} 6. Nbd2 {[%emt 0:00:03]} O-O {[%emt 0:00:02]} 7. Bd3 {[%emt 0:00:01]} c5 {[%emt 0:00:01]} 8. c3 {[%emt 0:00:01]} c4 {[%emt 0:00:01]} 9. Bc2 {[%emt 0:00:01]} Nc6 {[%emt 0:00:01]} 10. O-O {[%emt 0:00:02]} Re8 {[%emt 0:00:00]} 11. e4 {[%emt 0:00:01]} Nxe4 {[%emt 0:00:02]} 12. Nxe4 {[%emt 0:00:02]} dxe4 {[%emt 0:00:00]} 13. Bxe4 {[%emt 0:00:00]} f5 {[%emt 0:00:08]} 14. Bxc6 {[%emt 0:00:02]} bxc6 {[%emt 0:00:02]} 15. Ne5 {[%emt 0:00:00]} Bb7 {[%emt 0:00:04]} 16. Nxc4 {[%emt 0:00:02]} Qf4 {[%emt 0:00:02]} 17. Qd2 {[%emt 0:00:05]} Qc7 {[%emt 0:00:06]} 18. b4 {[%emt 0:00:07]} Rad8 {[%emt 0:00:01]} 19. Rfe1 {[%emt 0:00:03]} Qf7 {[%emt 0:00:12]} 20. Ne5 {[%emt 0:00:01]} Qf6 {[%emt 0:00:02]} 21. Nd3 {[%emt 0:00:01]} h6 {[%emt 0:00:06]} 22. Nc5 {[%emt 0:00:03]} Ba8 {[%emt 0:00:04]} 23. a4 {[%emt 0:00:04]} e5 {[%emt 0:00:05]} 24. Rad1 {[%emt 0:00:03]} e4 {[%emt 0:00:01]} 25. Qf4 {[%emt 0:00:02]} g5 {[%emt 0:00:02]} 26. Qc7 {[%emt 0:00:13]} a6 {[%emt 0:00:08]} 27. g4 {[%emt 0:00:16]} f4 {[%emt 0:00:03]} 28. Rxe4 {[%emt 0:00:02]} Rf8 {[%emt 0:00:02]} 29. Re6 {[%emt 0:00:07]} Qg7 {[%emt 0:00:07]} 30. Qxg7+ {[%emt 0:00:12]} Kxg7 {[%emt 0:00:01]} 31. Rde1 {[%emt 0:00:00]} Rf7 {[%emt 0:00:02]} 32. Re7 {[%emt 0:00:02]} Rdf8 {[%emt 0:00:03]} 33. Ne6+ {[%emt 0:00:01]} Kf6 {[%emt 0:00:02]} 34. Nxf8 {[%emt 0:00:20]} Rxe7 {[%emt 0:00:01]} 35. Rxe7 {[%emt 0:00:00]} Kxe7 {[%emt 0:00:01]} 36. Ng6+ {[%emt 0:00:00]} Kd6 {[%emt 0:00:03]} 37. Ne5 {[%emt 0:00:00]} Kd5 {[%emt 0:00:04]} 38. f3 {[%emt 0:00:03]} Bb7 {[%emt 0:00:04]} 39. Kf2 {[%emt 0:00:03]} Bc8 {[%emt 0:00:01]} 40. Ke2 {[%emt 0:00:03]} Be6 {[%emt 0:00:01]} 41. Kd3 {[%emt 0:00:02]} Kd6 {[%emt 0:00:01]} 42. c4 {[%emt 0:00:01]} Kc7 {[%emt 0:00:02]} 43. Ke4 {[%emt 0:00:02]} Bg8 {[%emt 0:00:02]} 44. d5 {[%emt 0:00:01]} Kd6 {[%emt 0:00:03]} 45. c5+ {[%emt 0:00:02]} Ke7 {[%emt 0:00:03]} 46. d6+ {[%emt 0:00:01]} Kd8 {[%emt 0:00:01]} 47. Nxc6+ {[%emt 0:00:01]} Kd7 {[%emt 0:00:01]} 48. Nb8+ {[%emt 0:00:01]} Ke6 {[%emt 0:00:01]} 49. Nxa6 {[%emt 0:00:00]} Kf6 {[%emt 0:00:01]} 50. Nc7 {[%emt 0:00:04]} Bb3 {[%emt 0:00:01]} 51. Nd5+ {[%emt 0:00:01]} Ke6 {[%emt 0:00:01]} 52. Nc3 {[%emt 0:00:02]} Kd7 {[%emt 0:00:02]} 53. b5 {[%emt 0:00:02]} Bf7 {[%emt 0:00:03]} 54. Ke5 {[%emt 0:00:01]} Bc4 {[%emt 0:00:02]} 55. c6+ {[%emt 0:00:00]} Kd8 {[%emt 0:00:01]} 56. d7 {[%emt 0:00:02]} Kc7 {[%emt 0:00:01]} 57. Nd5+ {[%emt 0:00:02]} Bxd5 {[%emt 0:00:02]} 58. Kxd5 {[%emt 0:00:00]} h5 {[%emt 0:00:01]} 59. h3 {[%emt 0:00:03]} h4 {[%emt 0:00:03]} 60. Ke6 {[%emt 0:00:02]} Kd8 {[%emt 0:00:01]} 61. Kf6 {[%emt 0:00:02]} Kc7 {[%emt 0:00:00]} 62. Kxg5 {[%emt 0:00:01]} Kd8 {[%emt 0:00:00]} 63. Kxh4 {[%emt 0:00:01]} Ke7 {[%emt 0:00:00]} 64. Kg5 {[%emt 0:00:01]} Kd8 {[%emt 0:00:00]} 65. Kxf4 {[%emt 0:00:01]} Kc7 {[%emt 0:00:00]} 66. Ke5 {[%emt 0:00:01]} Kb6 {[%emt 0:00:00]} 67. d8=Q+ {[%emt 0:00:01]} Kc5 {[%emt 0:00:01]} 68. Qd4# {[%emt 0:00:00] (Lag: Av=0.60s, max=1.2s) (Lag: Av=0.60s, max=1.2s) (Lag: Av=0.60s, max=1.2s)} 1-0

[Event "Stay Safe Play From Home 381"]
[Site "Emanuel Lasker Arena"]
[Date "2020.08.13"]
[Round "9"]
[White "Lolzz"]
[Black "SelamiSahin"]
[Result "1-0"]
[WhiteElo "2130"]
[BlackElo "2169"]
[PlyCount "63"]
[EventDate "2020.08.13"]
[EventType "swiss (blitz)"]

{- Yarar, Atakan} 1. d4 {[%emt 0:00:01]} Nf6 {[%emt 0:00:02]} 2. c4 {[%emt 0:00:03]} c5 {[%emt 0:00:02]} 3. d5 {[%emt 0:00:07]} b5 {[%emt 0:00:02]} 4. Nf3 {[%emt 0:00:04]} d6 {[%emt 0:00:05]} 5. cxb5 {[%emt 0:00:04]} a6 {[%emt 0:00:01]} 6. bxa6 {[%emt 0:00:05]} Bxa6 {[%emt 0:00:03]} 7. Nc3 {[%emt 0:00:04]} Nbd7 {[%emt 0:00:03]} 8. e4 {[%emt 0:00:04]} Bxf1 {[%emt 0:00:03]} 9. Kxf1 {[%emt 0:00:03]} g6 {[%emt 0:00:02]} 10. g3 {[%emt 0:00:05]} Bg7 {[%emt 0:00:01]} 11. Kg2 {[%emt 0:00:05]} O-O {[%emt 0:00:01]} 12. h3 {[%emt 0:00:05]} Qb6 {[%emt 0:00:03]} 13. Qc2 {[%emt 0:00:04]} Rfb8 {[%emt 0:00:05]} 14. Rb1 {[%emt 0:00:04]} Ne8 {[%emt 0:00:07]} 15. Bg5 {[%emt 0:00:04]} Kf8 {[%emt 0:00:20]} 16. b3 {[%emt 0:00:05]} h6 {[%emt 0:00:03]} 17. Be3 {[%emt 0:00:09]} Qb4 {[%emt 0:00:04]} 18. Bd2 {[%emt 0:00:07]} Qa3 {[%emt 0:00:03]} 19. Bc1 {[%emt 0:00:02]} Qa5 {[%emt 0:00:02]} 20. Bd2 {[%emt 0:00:04]} Qa6 {[%emt 0:00:09]} 21. a4 {[%emt 0:00:04]} Rb7 {[%emt 0:00:04]} 22. Bc1 {[%emt 0:00:05]} Nc7 {[%emt 0:00:08]} 23. Rd1 {[%emt 0:00:05]} Rab8 {[%emt 0:00:04]} 24. Be3 {[%emt 0:00:05]} Qa5 {[%emt 0:00:03]} 25. Na2 {[%emt 0:00:05]} h5 {[%emt 0:00:11]} 26. Nd2 {[%emt 0:00:06]} Nb6 {[%emt 0:00:05]} 27. Nf3 {[%emt 0:00:05]} Na6 {[%emt 0:00:06]} 28. Bd2 {[%emt 0:00:05]} Nb4 {[%emt 0:00:01]} 29. Nxb4 {[%emt 0:00:05]} cxb4 {[%emt 0:00:00]} 30. Rbc1 {[%emt 0:00:05]} Rc8 {[%emt 0:00:05]} 31. Qxc8+ {[%emt 0:00:08]} Nxc8 {[%emt 0:00:03]} 32. Rxc8+ {[%emt 0:00:02] SelamiSahin terk eder SelamiSahin terk eder SelamiSahin terk eder} 1-0

[Event "Stay Safe Play From Home 381"]
[Site "Emanuel Lasker Arena"]
[Date "2020.08.13"]
[Round "9"]
[White "Hickey"]
[Black "Timbre"]
[Result "1-0"]
[WhiteElo "2107"]
[BlackElo "1636"]
[PlyCount "73"]
[EventDate "2020.08.13"]
[EventType "swiss (blitz)"]

1. Nf3 {[%emt 0:00:02]} d5 {[%emt 0:00:18]} 2. b3 {[%emt 0:00:04]} c6 {[%emt 0:00:01]} 3. Bb2 {[%emt 0:00:01]} Nf6 {[%emt 0:00:01]} 4. g3 {[%emt 0:00:01]} Bf5 {[%emt 0:00:01]} 5. Bg2 {[%emt 0:00:00]} e6 {[%emt 0:00:01]} 6. O-O {[%emt 0:00:01]} Be7 {[%emt 0:00:01]} 7. d3 {[%emt 0:00:00]} Nbd7 {[%emt 0:00:01]} 8. Nbd2 {[%emt 0:00:00]} O-O {[%emt 0:00:02]} 9. a3 {[%emt 0:00:04]} a6 {[%emt 0:00:02]} 10. h3 {[%emt 0:00:02]} Qc7 {[%emt 0:00:02]} 11. Nh4 {[%emt 0:00:01]} Bg6 {[%emt 0:00:01]} 12. Nxg6 {[%emt 0:00:02]} hxg6 {[%emt 0:00:01]} 13. e4 {[%emt 0:00:01]} dxe4 {[%emt 0:00:02]} 14. Nxe4 {[%emt 0:00:01]} Nxe4 {[%emt 0:00:02]} 15. dxe4 {[%emt 0:00:00]} Bf6 {[%emt 0:00:02]} 16. Bxf6 {[%emt 0:00:16]} gxf6 {[%emt 0:00:03]} 17. Qe2 {[%emt 0:00:05]} Kg7 {[%emt 0:00:03]} 18. Rfd1 {[%emt 0:00:07]} Rh8 {[%emt 0:00:08]} 19. Rd2 {[%emt 0:00:08]} Nb6 {[%emt 0:00:08]} 20. Rad1 {[%emt 0:00:03]} Raf8 {[%emt 0:00:07]} 21. c4 {[%emt 0:00:03]} Qe5 {[%emt 0:00:06]} 22. Qe3 {[%emt 0:00:13]} Nc8 {[%emt 0:00:15]} 23. f4 {[%emt 0:00:04]} Qa5 {[%emt 0:00:07]} 24. b4 {[%emt 0:00:02]} Qa4 {[%emt 0:00:05]} 25. c5 {[%emt 0:00:08]} a5 {[%emt 0:00:06]} 26. Qc3 {[%emt 0:00:05]} axb4 {[%emt 0:00:04]} 27. Qxb4 {[%emt 0:00:02]} Qa6 {[%emt 0:00:05]} 28. Bf1 {[%emt 0:00:05]} Qa7 {[%emt 0:00:05]} 29. Rd7 {[%emt 0:00:04]} Qa8 {[%emt 0:00:15]} 30. Rxb7 {[%emt 0:00:07]} Na7 {[%emt 0:00:03]} 31. a4 {[%emt 0:00:06]} Nb5 {[%emt 0:00:18]} 32. Rxb5 {[%emt 0:00:08]} cxb5 {[%emt 0:00:02]} 33. axb5 {[%emt 0:00:00]} Rd8 {[%emt 0:00:07]} 34. Rb1 {[%emt 0:00:12]} Qa2 {[%emt 0:00:08]} 35. Qb2 {[%emt 0:00:04]} Qa5 {[%emt 0:00:03]} 36. Rc1 {[%emt 0:00:03]} Rd2 {[%emt 0:00:03]} 37. Rc2 {[%emt 0:00:01] Time Time Time} 1-0

[Event "Stay Safe Play From Home 381"]
[Site "Emanuel Lasker Arena"]
[Date "2020.08.13"]
[Round "9"]
[White "Ionelluca"]
[Black "Lazieri3"]
[Result "1-0"]
[WhiteElo "1971"]
[BlackElo "1942"]
[PlyCount "103"]
[EventDate "2020.08.13"]
[EventType "swiss (blitz)"]

1. c4 {[%emt 0:00:02]} c6 {[%emt 0:00:00]} 2. g3 {[%emt 0:00:04]} d5 {[%emt 0:00:00]} 3. Bg2 {[%emt 0:00:01]} Nf6 {[%emt 0:00:01]} 4. Nf3 {[%emt 0:00:01]} Bf5 {[%emt 0:00:10]} 5. b3 {[%emt 0:00:02]} dxc4 {[%emt 0:00:02]} 6. bxc4 {[%emt 0:00:01]} Qc8 {[%emt 0:00:00]} 7. h3 {[%emt 0:00:03]} h6 {[%emt 0:00:02]} 8. Bb2 {[%emt 0:00:01]} e6 {[%emt 0:00:01]} 9. d3 {[%emt 0:00:01]} Bb4+ {[%emt 0:00:02]} 10. Nbd2 {[%emt 0:00:01]} O-O {[%emt 0:00:02]} 11. Nd4 {[%emt 0:00:04]} Bg6 {[%emt 0:00:03]} 12. O-O {[%emt 0:00:02]} Nbd7 {[%emt 0:00:01]} 13. Kh2 {[%emt 0:00:01]} Qd8 {[%emt 0:00:02]} 14. Rb1 {[%emt 0:00:04]} Qe7 {[%emt 0:00:02]} 15. Ne4 {[%emt 0:00:07]} Nxe4 {[%emt 0:00:03]} 16. dxe4 {[%emt 0:00:01]} Ne5 {[%emt 0:00:05]} 17. Qb3 {[%emt 0:00:02]} Bc5 {[%emt 0:00:08]} 18. f4 {[%emt 0:00:01]} Nd7 {[%emt 0:00:01]} 19. f5 {[%emt 0:00:02]} exf5 {[%emt 0:00:02]} 20. Nxf5 {[%emt 0:00:08]} Bxf5 {[%emt 0:00:06]} 21. Rxf5 {[%emt 0:00:02]} b6 {[%emt 0:00:09]} 22. Rbf1 {[%emt 0:00:07]} f6 {[%emt 0:00:02]} 23. Qf3 {[%emt 0:00:18]} Rae8 {[%emt 0:00:03]} 24. h4 {[%emt 0:00:03]} Ne5 {[%emt 0:00:06]} 25. Bxe5 {[%emt 0:00:05]} fxe5 {[%emt 0:00:00]} 26. Bh3 {[%emt 0:00:01]} g6 {[%emt 0:00:14]} 27. Rxf8+ {[%emt 0:00:05]} Rxf8 {[%emt 0:00:00]} 28. Qg4 {[%emt 0:00:09]} Kg7 {[%emt 0:00:19]} 29. Rd1 {[%emt 0:00:15]} Rf7 {[%emt 0:00:13]} 30. Qc8 {[%emt 0:00:09]} Qf6 {[%emt 0:00:14]} 31. Bg2 {[%emt 0:00:02]} Bf2 {[%emt 0:00:10]} 32. Rd8 {[%emt 0:00:06]} Bxg3+ {[%emt 0:00:11]} 33. Kh1 {[%emt 0:00:01]} Qxh4+ {[%emt 0:00:08]} 34. Qh3 {[%emt 0:00:08]} Qxh3+ {[%emt 0:00:02]} 35. Bxh3 {[%emt 0:00:01]} b5 {[%emt 0:00:05]} 36. cxb5 {[%emt 0:00:03]} cxb5 {[%emt 0:00:00]} 37. Be6 {[%emt 0:00:03]} Rc7 {[%emt 0:00:02]} 38. Kg2 {[%emt 0:00:06]} Kf6 {[%emt 0:00:01]} 39. Bb3 {[%emt 0:00:02]} Bf4 {[%emt 0:00:01]} 40. Rb8 {[%emt 0:00:04]} a6 {[%emt 0:00:02]} 41. Rb6+ {[%emt 0:00:01]} Kg5 {[%emt 0:00:00]} 42. Rxa6 {[%emt 0:00:01]} Rc3 {[%emt 0:00:00]} 43. Bf7 {[%emt 0:00:03]} h5 {[%emt 0:00:00]} 44. Rxg6+ {[%emt 0:00:02]} Kh4 {[%emt 0:00:00]} 45. Ra6 {[%emt 0:00:02]} Re3 {[%emt 0:00:01]} 46. Kf1 {[%emt 0:00:01]} Rxe4 {[%emt 0:00:01]} 47. Ra8 {[%emt 0:00:03]} Rb4 {[%emt 0:00:00]} 48. a3 {[%emt 0:00:02]} Rb1+ {[%emt 0:00:01]} 49. Kg2 {[%emt 0:00:01]} Bg3 {[%emt 0:00:00]} 50. Kf3 {[%emt 0:00:01]} Kg5 {[%emt 0:00:01]} 51. Ke4 {[%emt 0:00:01]} h4 {[%emt 0:00:00]} 52. Kd5 {[%emt 0:00:01] Time Time Time (Lag: Av=0.64s, max=1.3s) (Lag: Av=0.64s, max=1.3s) (Lag: Av=0.64s, max=1.3s)} 1-0

[Event "Stay Safe Play From Home 381"]
[Site "Emanuel Lasker Arena"]
[Date "2020.08.13"]
[Round "9"]
[White "Kongle"]
[Black "Chesstiger9"]
[Result "0-1"]
[WhiteElo "1710"]
[BlackElo "1971"]
[PlyCount "90"]
[EventDate "2020.08.13"]
[EventType "swiss (blitz)"]

{- Volkov, Yuri} 1. e4 {[%emt 0:00:04]} c5 {[%emt 0:00:01]} 2. Nf3 {[%emt 0:00:03]} Nc6 {[%emt 0:00:01]} 3. Bc4 {[%emt 0:00:01]} e6 {[%emt 0:00:01]} 4. d3 {[%emt 0:00:01]} a6 {[%emt 0:00:01]} 5. c3 {[%emt 0:00:01]} d5 {[%emt 0:00:02]} 6. exd5 {[%emt 0:00:02]} exd5 {[%emt 0:00:00]} 7. Bb3 {[%emt 0:00:01]} Nf6 {[%emt 0:00:01]} 8. O-O {[%emt 0:00:01]} Be7 {[%emt 0:00:01]} 9. Re1 {[%emt 0:00:02]} O-O {[%emt 0:00:01]} 10. h3 {[%emt 0:00:01]} h6 {[%emt 0:00:01]} 11. Bf4 {[%emt 0:00:02]} Be6 {[%emt 0:00:01]} 12. Qd2 {[%emt 0:00:02]} Bd6 {[%emt 0:00:02]} 13. Ne5 {[%emt 0:00:04]} Nxe5 {[%emt 0:00:02]} 14. Bxe5 {[%emt 0:00:02]} Bxe5 {[%emt 0:00:01]} 15. Rxe5 {[%emt 0:00:02]} Qd6 {[%emt 0:00:01]} 16. d4 {[%emt 0:00:02]} Ne4 {[%emt 0:00:07]} 17. Qe2 {[%emt 0:00:03]} f6 {[%emt 0:00:05]} 18. Rxe6 {[%emt 0:00:12]} Qxe6 {[%emt 0:00:01]} 19. f3 {[%emt 0:00:01]} Ng5 {[%emt 0:00:04]} 20. Qxe6+ {[%emt 0:00:02]} Nxe6 {[%emt 0:00:01]} 21. Bxd5 {[%emt 0:00:01]} Rfe8 {[%emt 0:00:06]} 22. Nd2 {[%emt 0:00:04]} Rad8 {[%emt 0:00:02]} 23. Bb3 {[%emt 0:00:07]} cxd4 {[%emt 0:00:03]} 24. Re1 {[%emt 0:00:05]} Kf7 {[%emt 0:00:05]} 25. Ne4 {[%emt 0:00:09]} Kg6 {[%emt 0:00:08]} 26. cxd4 {[%emt 0:00:09]} Nxd4 {[%emt 0:00:02]} 27. Bc4 {[%emt 0:00:04]} f5 {[%emt 0:00:01]} 28. Bd3 {[%emt 0:00:20]} fxe4 {[%emt 0:00:02]} 29. fxe4 {[%emt 0:00:01]} Re5 {[%emt 0:00:05]} 30. Rc1 {[%emt 0:00:05]} Nf3+ {[%emt 0:00:03]} 31. gxf3 {[%emt 0:00:04]} Rxd3 {[%emt 0:00:01]} 32. Kf2 {[%emt 0:00:02]} Rd2+ {[%emt 0:00:01]} 33. Ke3 {[%emt 0:00:01]} Rxb2 {[%emt 0:00:01]} 34. a3 {[%emt 0:00:02]} Reb5 {[%emt 0:00:04]} 35. Rc7 {[%emt 0:00:06]} R2b3+ {[%emt 0:00:02]} 36. Kf4 {[%emt 0:00:01]} Rxa3 {[%emt 0:00:03]} 37. h4 {[%emt 0:00:01]} Rbb3 {[%emt 0:00:01]} 38. h5+ {[%emt 0:00:01]} Kh7 {[%emt 0:00:01]} 39. e5 {[%emt 0:00:06]} Rxf3+ {[%emt 0:00:01]} 40. Kg4 {[%emt 0:00:01]} Rfe3 {[%emt 0:00:02]} 41. Kf5 {[%emt 0:00:01]} Ra5 {[%emt 0:00:03]} 42. Re7 {[%emt 0:00:05]} Raxe5+ {[%emt 0:00:01]} 43. Rxe5 {[%emt 0:00:02]} Rxe5+ {[%emt 0:00:01]} 44. Kxe5 {[%emt 0:00:01]} g6 {[%emt 0:00:00]} 45. hxg6+ {[%emt 0:00:05]} Kxg6 {[%emt 0:00:00] Kongle resigns Kongle resigns Kongle resigns (Lag: Av=0.71s, max=1.0s) (Lag: Av=0.71s, max=1.0s) (Lag: Av=0.71s, max=1.0s)} 0-1

[Event "Stay Safe Play From Home 381"]
[Site "Emanuel Lasker Arena"]
[Date "2020.08.13"]
[Round "9"]
[White "Cybertonio"]
[Black "Greblah"]
[Result "0-1"]
[WhiteElo "1554"]
[BlackElo "1888"]
[Annotator "NA"]
[PlyCount "50"]
[EventDate "2020.08.13"]
[EventType "swiss (blitz)"]

1. Nf3 {[%emt 0:00:02]} c6 {[%emt 0:00:00]} 2. e3 {[%emt 0:00:01]} d5 {[%emt 0:00:00]} 3. d4 {[%emt 0:00:01]} Nf6 {[%emt 0:00:09]} 4. c4 {[%emt 0:00:00]} e6 {[%emt 0:00:01]} 5. c5 {[%emt 0:00:00]} Be7 {[%emt 0:00:02]} 6. a3 {[%emt 0:00:01]} O-O {[%emt 0:00:00]} 7. b4 {[%emt 0:00:01]} Ne4 {[%emt 0:00:02]} 8. Be2 {[%emt 0:00:01]} f5 {[%emt 0:00:02]} 9. O-O {[%emt 0:00:01]} Nd7 {[%emt 0:00:01]} 10. Bb2 {[%emt 0:00:04]} a5 {[%emt 0:00:02]} 11. Nc3 {[%emt 0:00:04]} axb4 {[%emt 0:00:08]} 12. axb4 {[%emt 0:00:02]} Rxa1 {[%emt 0:00:01]} 13. Bxa1 {[%emt 0:00:00]} g5 {[%emt 0:00:07]} 14. b5 {[%emt 0:00:02]} Qa5 {[%emt 0:00:13]} 15. Qb3 {[%emt 0:00:08]} g4 {[%emt 0:00:09]} 16. Ne1 {[%emt 0:00:06]} Nd2 {[%emt 0:00:02]} 17. Qb2 {[%emt 0:00:12]} Nxf1 {[%emt 0:00:09]} 18. Bxf1 {[%emt 0:00:00]} Nf6 {[%emt 0:00:12]} 19. b6 {[%emt 0:00:01]} Ne4 {[%emt 0:00:04]} 20. Nxe4 {[%emt 0:00:02]} fxe4 {[%emt 0:00:01]} 21. g3 {[%emt 0:00:03]} Bf6 {[%emt 0:00:14]} 22. Qc1 {[%emt 0:00:05]} Qa2 {[%emt 0:00:05]} 23. Bc3 {[%emt 0:00:02]} Bxd4 {[%emt 0:00:08]} 24. Bxd4 {[%emt 0:00:03]} Qxf2+ {[%emt 0:00:01]} 25. Kh1 {[%emt 0:00:09]} Qxf1# {[%emt 0:00:01] (Lag: Av=0.96s, max=1.3s) (Lag: Av=0.96s, max=1.3s) (Lag: Av=0.96s, max=1.3s)} 0-1